[Event "Olongapo City Puregold op-B"]
[Site "Olongapo City"]
[Date "2015.11.20"]
[Round "6"]
[White "Curioso, Romulo"]
[Black "Fortin, Artrino Paul"]
[Result "1-0"]
[WhiteElo "1921"]
[BlackElo "2003"]
[PlyCount "81"]
[EventDate "2015.11.17"]
[EventType "swiss"]
[EventRounds "9"]
[EventCountry "PHI"]
[SourceTitle "EXT 2017"]
[Source "ChessBase"]
[SourceDate "2016.10.25"]
[SourceVersion "1"]
[SourceVersionDate "2016.10.25"]
[SourceQuality "1"]

1. Nf3 a6 2. g3 g6 3. Bg2 Bg7 4. 0-0 d6 5. d3 Nd7 6. c3 Ngf6 7. b4 0-0 8. Bb2 e5 9. Nbd2 Ra7 10. Qc2 b6 11. c4 Bb7 12. e4 c5 13. Bc3 Bc6 14. a4 a5 15. bxa5 bxa5 16. Nb3 Bh6 17. Nfd2 Nh5 18. Rfe1 f5 19. f3 Ndf6 20. Nf1 Bd7 21. Bd2 f4 22. h3 Qc8 23. g4 Ng7 24. Ra3 Bg5 25. Bxa5 h5 26. Qe2 Ne6 27. Rea1 hxg4 28. hxg4 Rxa5 29. Nxa5 Nd4 30. Qd2 Nxg4 31. Nb3 Ne3 32. Nxd4 cxd4 33. a5 Bh3 34. a6 Nxg2 35. a7 Nh4 36. Qe2 Bg2 37. Qxg2 Nxg2 38. a8Q Qh3 39. Qd5+ Kg7 40. Ra7+ Kh6 41. Qxd6 1-0

[Event "Olongapo City Puregold op-B"]
[Site "Olongapo City"]
[Date "2015.11.17"]
[Round "2"]
[White "Curioso, Romulo"]
[Black "Pineda, Judith"]
[Result "0-1"]
[WhiteElo "1921"]
[BlackElo "1986"]
[PlyCount "64"]
[EventDate "2015.11.17"]
[EventType "swiss"]
[EventRounds "9"]
[EventCountry "PHI"]
[SourceTitle "EXT 2017"]
[Source "ChessBase"]
[SourceDate "2016.10.25"]
[SourceVersion "1"]
[SourceVersionDate "2016.10.25"]
[SourceQuality "1"]

1. Nf3 Nf6 2. c4 d6 3. g3 g6 4. b4 Bg7 5. Bb2 e5 6. d3 0-0 7. Bg2 c6 8. 0-0 h6 9. Nc3 Nbd7 10. Rc1 Ne8 11. b5 Qc7 12. Nd2 Nc5 13. Ba3 Ne6 14. bxc6 bxc6 15. Qa4 Bd7 16. Rb1 f5 17. Qb4 Rc8 18. Rfc1 Rf7 19. Qb7 Qd8 20. Qa6 Rc7 21. Qa4 Bf8 22. Nb3 Nf6 23. Na5 Qc8 24. Rb2 c5 25. Qb3 Qa6 26. Nb5 Qxa5 27. Nxc7 Qxc7 28. Qc3 Bc6 29. Bxc6 Qxc6 30. Qa5 f4 31. Qb5 Qc8 32. Rd2 Nd4 0-1

[Event "Olongapo City Puregold op-B"]
[Site "Olongapo City"]
[Date "2015.11.17"]
[Round "1"]
[White "Noblijas, Aaron"]
[Black "Curioso, Romulo"]
[Result "0-1"]
[WhiteElo "1756"]
[BlackElo "1921"]
[PlyCount "64"]
[EventDate "2015.11.17"]
[EventType "swiss"]
[EventRounds "9"]
[EventCountry "PHI"]
[SourceTitle "EXT 2017"]
[Source "ChessBase"]
[SourceDate "2016.10.25"]
[SourceVersion "1"]
[SourceVersionDate "2016.10.25"]
[SourceQuality "1"]

1. c4 g6 2. g3 Bg7 3. Bg2 c5 4. Nc3 Nc6 5. e3 d6 6. Nge2 Bd7 7. a3 a6 8. 0-0 Rb8 9. Rb1 b5 10. cxb5 axb5 11. b4 cxb4 12. axb4 Nf6 13. Qc2 Qb6 14. d3 0-0 15. Bd2 Rfc8 16. Qb3 Ne5 17. Nd5 Nxd5 18. Bxd5 Be6 19. Bxe6 Nf3+ 20. Kg2 Nxd2 21. Bxf7+ Kh8 22. Qe6 Nxb1 23. Rxb1 Bf6 24. Nf4 Kg7 25. Qa2 Qc6+ 26. Nd5 Kxf7 27. e4 Qc2 28. Qxc2 Rxc2 29. Nxf6 Kxf6 30. Ra1 Rbc8 31. Ra5 Rb2 32. Rxb5 Rcc2 0-1